LEADER 00842nac0-22002771i-450- 001 990006943000403321 005 20010731 035 $a000694300 035 $aFED01000694300 035 $a(Aleph)000694300FED01 035 $a000694300 100 $a20010731d19------km-y0itay50------ba 101 0 $aita 102 $aIT 105 $ay-------101yy 200 1 $a<>Ufficio di collocamento pei lavoratori della terra da riattivarsi nel Lodigiano col concorso e contributo dei rispettivi Comizio Agrario, Camere del Lavoro, Società Umanitaria$fSiro Ferrari 210 $a[S.l.$cs.n.]$d[19-?] 215 $a15 p.$d24 cm 676 $a630.92$v20$zita 700 1$aFerrari,$bSiro 801 0$aIT$bUNINA$gRICA$2UNIMARC 901 $aBK 912 $a990006943000403321 952 $aBUSTA 19[2] 8$b828$fFGBC 959 $aFGBC 997 $aUNINA LEADER 01220nam0-2200349---450 001 990004322890403321 005 20230118123116.0 010 $a0-919473-82-2 035 $a000432289 100 $a19990604d1991----km-y0itay50------ba 101 0 $aeng 102 $aCA 105 $af-------101yy 200 1 $a<>surrealist adventure in Spain$fedited by C. Brian Morris 210 $aOttawa$cDovehouse$d1991 215 $a346 p., 21 c. di tav$cill.$d23 cm 225 1 $aOttawa Hispanic studies$v6 300 $aVolume pubblicato in occasione dell'International Symposium on Surrealism and Spain, tenuto presso l'UCLA nel 1989 320 $aBibliografia: p. [320]-342 610 0 $aSurrealismo $aCongressi$a1989 610 0 $aSurrealismo $aCongressi$a1989 610 0 $aSpagna$aArte$aSec. 20. 676 $a700.946 702 1$aMorris,$bC. Brian 710 11$aInternational Symposium on Surrealism and Spain$f<1989 ;$eLos Angeles>$0740217 801 0$aIT$bUNINA$gRICA$2UNIMARC 901 $aBK 912 $a990004322890403321 952 $a701.19 CONV LOS ANGELES 1989$bdip.fil.mod. 5808$fFLFBC 959 $aFLFBC 996 $aSurrealist adventure in Spain$91467347 997 $aUNINA